<?xml version="1.0" encoding="UTF-8"?>
<record
    xmlns:xsi="http://www.w3.org/2001/XMLSchema-instance"
    xsi:schemaLocation="http://www.loc.gov/MARC21/slim http://www.loc.gov/standards/marcxml/schema/MARC21slim.xsd"
    xmlns="http://www.loc.gov/MARC21/slim">

  <leader>02252nam a2200325 a 4500</leader>
  <controlfield tag="001">BRCA_3066</controlfield>
  <controlfield tag="005">20190320204108.0</controlfield>
  <controlfield tag="008">260109s1807----fr-a---###---#000-0#fre-u</controlfield>
  <datafield tag="041" ind1=" " ind2=" ">
    <subfield code="a">fre</subfield>
  </datafield>
  <datafield tag="044" ind1=" " ind2=" ">
    <subfield code="a">fr</subfield>
  </datafield>
  <datafield tag="084" ind1=" " ind2=" ">
    <subfield code="a">373</subfield>
    <subfield code="b">.S35</subfield>
    <subfield code="c">1807</subfield>
  </datafield>
  <datafield tag="100" ind1="1" ind2=" ">
    <subfield code="a">Cervantes Saavedra, Miguel de</subfield>
    <subfield code="d">1547-1616</subfield>
    <subfield code="9">213</subfield>
  </datafield>
  <datafield tag="245" ind1="1" ind2="0">
    <subfield code="a">Oeuvres Choisies de Cervantes</subfield>
    <subfield code="c">Miguel de Cervantes Saavedra ; Traduction Nouvelle par H. Bpuchon Dubournial.</subfield>
  </datafield>
  <datafield tag="260" ind1=" " ind2=" ">
    <subfield code="a">Par&#xED;s</subfield>
    <subfield code="b">Sciences et des Arts</subfield>
    <subfield code="c">1807</subfield>
  </datafield>
  <datafield tag="300" ind1=" " ind2=" ">
    <subfield code="a">8 v.</subfield>
    <subfield code="b">il.</subfield>
    <subfield code="c">17 cm.</subfield>
  </datafield>
  <datafield tag="500" ind1=" " ind2=" ">
    <subfield code="a">Contenido : v 1. Primera parte. Retrato de Cervantes. Prefacio del traductor. Vida de Cervantes. Pr&#xF3;logo del autor. Texto. -- v 2. Texto. -- v 3. Texto. -- v 4. Texto. -- v 5. Segunda parte. Texto. -- v 6. Texto. -- v 7. Texto. -- v 8. Texto</subfield>
  </datafield>
  <datafield tag="500" ind1=" " ind2=" ">
    <subfield code="a">Traducci&#xF3;n de Bouchon Dubournial. A pesar de afirmar el traductor que su versi&#xF3;n conserva todas las bellezas del texto cervantino, la verdad es que, de todas las traducciones galas, hechas hasta aquella fecha, es le presente una de las m&#xE1;s desacreditadas y arbitrarias, &#xFA;esto que suprimi&#xF3; las dedicatorias de Cervantes, versos preliminares y el pr&#xF3;logo de la segunda parte, la novela del Curioso impertinente, y otros episodios. Si a estas supresiones se a&#xF1;ades las de los pasajes, que en algunos casos son substituidos por otros completamente suyos, podemos aseverar que el original queda enteramente desfigurado. Incluye la vida de Cervantes, escrita por V. de los R&#xED;os, vertida al franc&#xE9;s. La parte tipogr&#xE1;fica y el papel son bastante buenos; las l&#xE1;minas dibujadas por Dusaulchoy son mediocres. Semipiel; lomeras decoradas con dorados L&#xFA;dovik Osterc</subfield>
  </datafield>
  <datafield tag="500" ind1=" " ind2=" ">
    <subfield code="a">QM294</subfield>
  </datafield>
  <datafield tag="546" ind1=" " ind2=" ">
    <subfield code="a">Texto en : franc&#xE9;s</subfield>
  </datafield>
  <datafield tag="650" ind1="1" ind2="4">
    <subfield code="a">Novela espa&#xF1;ola</subfield>
    <subfield code="y">&#xC9;poca cl&#xE1;sica, 1500-1700</subfield>
    <subfield code="9">215</subfield>
  </datafield>
  <datafield tag="650" ind1="1" ind2="4">
    <subfield code="a">Literatura espa&#xF1;ola</subfield>
    <subfield code="y">&#xC9;poca cl&#xE1;sica, 1500-1700</subfield>
    <subfield code="9">216</subfield>
  </datafield>
  <datafield tag="650" ind1="1" ind2="4">
    <subfield code="a">Novela espa&#xF1;ola</subfield>
    <subfield code="y">Siglo XVII</subfield>
    <subfield code="9">217</subfield>
  </datafield>
  <datafield tag="650" ind1="1" ind2="4">
    <subfield code="a">Don Quijote (Personaje ficticio)</subfield>
    <subfield code="e">Novela</subfield>
    <subfield code="9">218</subfield>
  </datafield>
  <datafield tag="700" ind1="1" ind2=" ">
    <subfield code="a">R&#xED;os, Vicente de los</subfield>
    <subfield code="d">1732-1779</subfield>
    <subfield code="e">Bi&#xF3;grafo</subfield>
    <subfield code="9">8388</subfield>
  </datafield>
  <datafield tag="700" ind1="1" ind2=" ">
    <subfield code="a">Bouchon Dubournial, Henri</subfield>
    <subfield code="d">1749-1828</subfield>
    <subfield code="e">Traductor</subfield>
    <subfield code="9">8389</subfield>
  </datafield>
  <datafield tag="700" ind1="1" ind2=" ">
    <subfield code="a">Dusaulchoy, Charles</subfield>
    <subfield code="d">1781-1852</subfield>
    <subfield code="e">Ilustrador</subfield>
    <subfield code="9">8390</subfield>
  </datafield>
  <datafield tag="740" ind1="0" ind2=" ">
    <subfield code="a">El Ingenioso Hidalgo Don Quijote de la Mancha</subfield>
  </datafield>
  <datafield tag="902" ind1=" " ind2=" ">
    <subfield code="a">QFM</subfield>
  </datafield>
  <datafield tag="942" ind1=" " ind2=" ">
    <subfield code="2">lcc</subfield>
    <subfield code="c">B</subfield>
  </datafield>
  <datafield tag="999" ind1=" " ind2=" ">
    <subfield code="c">2802</subfield>
    <subfield code="d">2802</subfield>
  </datafield>
  <datafield tag="952" ind1=" " ind2=" ">
    <subfield code="0">0</subfield>
    <subfield code="1">0</subfield>
    <subfield code="4">0</subfield>
    <subfield code="7">0</subfield>
    <subfield code="a">BRCA</subfield>
    <subfield code="b">BRCA</subfield>
    <subfield code="d">2009-01-26</subfield>
    <subfield code="i">QM294</subfield>
    <subfield code="l">0</subfield>
    <subfield code="o">373 .S35 1807 (QM294)</subfield>
    <subfield code="p">3063</subfield>
    <subfield code="r">2019-03-22 00:00:00</subfield>
    <subfield code="w">2019-03-22</subfield>
    <subfield code="y">B</subfield>
  </datafield>
</record>
